How things work : Things we make, build, and use
| Main Author: | |
|---|---|
| Format: | Book |
| Published: |
U.K. :
Two-Can Publishing Ltd. ,
1995
|
| Series: | Two-can first encyclopedia
|
| Subjects: |
MARC
| LEADER | 00000cam a2200000 7i4500 | ||
|---|---|---|---|
| 001 | 0000080049 | ||
| 005 | 20180717.0 | ||
| 008 | 180717 | ||
| 020 | |a 1854343467 | ||
| 090 | 0 | 0 | |a REF |b CHI |
| 100 | 1 | |a Llewellyn, Claire | |
| 245 | 1 | 0 | |a How things work : |b Things we make, build, and use |c Claire Llewellyn |
| 260 | |a U.K. : |b Two-Can Publishing Ltd. , |c 1995 | ||
| 300 | |a 93pg. : |b col.ill. | ||
| 490 | 1 | |a Two-can first encyclopedia | |
| 650 | 0 | |a Technology -- Encyclopedias, Juvenile | |
| 999 | |a 0000828348 |b Book |c REFERENCE |e Cawangan Segamat | ||